[Event "Madrid-ch sf"]
[Site "Madrid"]
[Date "2016.02.24"]
[Round "9"]
[White "Garcia Lafuente, Luis"]
[Black "Veuthey Martinez, Eloy"]
[Result "1/2-1/2"]
[WhiteElo "1494"]
[BlackElo "1537"]
[PlyCount "75"]
[EventDate "2016.02.08"]
[EventType "swiss"]
[EventRounds "9"]
[EventCountry "ESP"]
[SourceTitle "CBM 171 Extra"]
[Source "ChessBase"]
[SourceDate "2016.04.26"]
[SourceVersion "1"]
[SourceVersionDate "2016.04.26"]
[SourceQuality "1"]

1. d4 d6 2. Nf3 Nf6 3. Bf4 Nbd7 4. c4 c6 5. Nc3 Qa5 6. Qc2 e5 7. Bd2 Qc7 8. e4 Be7 9. Be2 0-0 10. h3 a6 11. Be3 Re8 12. 0-0 Bf8 13. Rfd1 b5 14. Nd2 Bb7 15. Rac1 exd4 16. Bxd4 b4 17. Bxf6 Nxf6 18. Na4 c5 19. Bf3 Nd7 20. g3 Ne5 21. Bg2 Nc6 22. Re1 g6 23. Nf1 Nd4 24. Qd3 Bg7 25. Ne3 Re5 26. Nd5 Bxd5 27. exd5 Rae8 28. Rxe5 Rxe5 29. Rd1 Re2 30. Bf1 Re7 31. Rb1 Qb8 32. b3 Qe8 33. Nb2 Ne2+ 34. Kg2 Nc3 35. Rc1 Ne2 36. Rc2 Nd4 37. Rc1 Re1 38. Nd1 1/2-1/2

[Event "Madrid-ch sf"]
[Site "Madrid"]
[Date "2016.02.22"]
[Round "7"]
[White "Sierra Garcia, Ricardo"]
[Black "Veuthey Martinez, Eloy"]
[Result "1/2-1/2"]
[WhiteElo "1800"]
[BlackElo "1537"]
[PlyCount "68"]
[EventDate "2016.02.08"]
[EventType "swiss"]
[EventRounds "9"]
[EventCountry "ESP"]
[SourceTitle "CBM 171 Extra"]
[Source "ChessBase"]
[SourceDate "2016.04.26"]
[SourceVersion "1"]
[SourceVersionDate "2016.04.26"]
[SourceQuality "1"]

1. e4 d6 2. Nf3 Nf6 3. d4 Nxe4 4. Bd3 Nf6 5. 0-0 Bg4 6. Bg5 Nbd7 7. Nbd2 c6 8. h3 Bxf3 9. Nxf3 h6 10. Bf4 e6 11. Re1 Be7 12. c4 0-0 13. Qc2 Re8 14. g4 Nf8 15. Bh2 Qd7 16. Nh4 Nxg4 17. Ng2 Nxh2 18. Kxh2 Bf6 19. Re4 d5 20. Rg4 dxc4 21. Qxc4 Rad8 22. Rd1 Bxd4 23. Rxd4 Qc7+ 24. Kg1 e5 25. Rxd8 Rxd8 26. Qc5 e4 27. Bc2 Rxd1+ 28. Bxd1 b6 29. Qf5 Qe7 30. Ne3 Qe6 31. Bb3 Qxf5 32. Nxf5 Nd7 33. Ne7+ Kf8 34. Nxc6 Nc5 1/2-1/2

[Event "Madrid-ch Seniors"]
[Site "Madrid"]
[Date "2016.01.21"]
[Round "9"]
[White "Losada Gonzalez, Andres"]
[Black "Veuthey Martinez, Eloy"]
[Result "1-0"]
[WhiteElo "1789"]
[BlackElo "1536"]
[PlyCount "61"]
[EventDate "2016.01.11"]
[EventType "swiss"]
[EventRounds "9"]
[EventCountry "ESP"]
[SourceTitle "EXT 2017"]
[Source "ChessBase"]
[SourceDate "2016.10.25"]
[SourceVersion "1"]
[SourceVersionDate "2016.10.25"]
[SourceQuality "1"]

1. e4 d6 2. d4 Nf6 3. Nc3 e5 4. dxe5 dxe5 5. Qxd8+ Kxd8 6. Bg5 Be6 7. 0-0-0+ Nbd7 8. Nf3 Bd6 9. h3 a6 10. g4 h6 11. Be3 Ke7 12. Bg2 b5 13. Nd5+ Ke8 14. Nh4 Rc8 15. Nf5 Bxf5 16. exf5 Nxd5 17. Bxd5 f6 18. f3 Bc5 19. Bxc5 Nxc5 20. Bc6+ Ke7 21. b4 Na4 22. Rd7+ Kf8 23. Rhd1 Nb6 24. R7d3 Ke7 25. Ra3 Rhd8 26. Rxd8 Rxd8 27. Rxa6 Rd4 28. a3 h5 29. Bxb5 hxg4 30. hxg4 e4 31. c3 1-0

[Event "Collado Villalba op-B 32nd"]
[Site "Collado Villalba"]
[Date "2015.08.25"]
[Round "4"]
[White "Veuthey Martinez, Eloy"]
[Black "Pascual Gomez, Jesus"]
[Result "0-1"]
[WhiteElo "1557"]
[BlackElo "1714"]
[PlyCount "26"]
[EventDate "2015.08.22"]
[EventType "swiss"]
[EventRounds "9"]
[EventCountry "ESP"]
[SourceTitle "EXT 2016"]
[Source "ChessBase"]
[SourceDate "2015.10.08"]
[SourceVersion "1"]
[SourceVersionDate "2015.10.08"]
[SourceQuality "1"]

1. d4 d5 2. Nf3 Nf6 3. e3 Nc6 4. Nbd2 e6 5. Bb5 Bd7 6. c4 a6 7. Ba4 dxc4 8. Nxc4 b5 9. Nce5 bxa4 10. Nxd7 Bb4+ 11. Ke2 Qxd7 12. Qxa4 0-0 13. Ne5 Nxd4+ 0-1

[Event "Madrid-ch Previa-A"]
[Site "Madrid"]
[Date "2012.02.21"]
[Round "8"]
[White "Zhynguel Zhynguel, Alek"]
[Black "Veuthey Martinez, Eloy"]
[Result "1-0"]
[WhiteElo "1600"]
[BlackElo "1552"]
[PlyCount "123"]
[EventDate "2012.02.06"]
[EventType "swiss"]
[EventRounds "9"]
[EventCountry "ESP"]
[SourceTitle "CBM 147 Extra"]
[Source "ChessBase"]
[SourceDate "2012.04.24"]
[SourceVersion "1"]
[SourceVersionDate "2012.04.24"]
[SourceQuality "1"]

1. e4 d6 2. Bc4 Nf6 3. d3 c6 4. Nc3 e5 5. a3 Be7 6. Nf3 0-0 7. Bb3 d5 8. exd5 cxd5 9. Nxe5 d4 10. Nxf7 Qa5 11. Nd6+ Kh8 12. Nc4 Qf5 13. Ne2 Ng4 14. 0-0 b5 15. Ng3 Qg6 16. Nd2 Bb7 17. Nde4 Bh4 18. Qe2 Nd7 19. f3 Ngf6 20. Nxf6 Nxf6 21. Ne4 Rae8 22. Qd2 Nh5 23. Kh1 Bxe4 24. dxe4 Qxe4 25. Qd1 Qe5 26. Bd2 Ng3+ 27. Kg1 Nxf1 28. Qxf1 Qe2 29. Bb4 Qxf1+ 30. Rxf1 Be7 31. Be1 Bg5 32. Bb4 Be3+ 33. Kh1 Rf6 34. Bd5 Rc8 35. Be4 Rf7 36. h3 Rfc7 37. Rd1 Rxc2 38. Bxc2 Rxc2 39. h4 Rc1 40. Rxc1 Bxc1 41. Kg1 d3 42. Kf1 Bxb2 43. Ke1 Be5 44. Kd2 Bg3 45. h5 Kg8 46. Kxd3 Kf7 47. Bc3 Ke6 48. Bxg7 Kf5 49. Bh6 Ke5 50. Be3 a6 51. Bh6 Kd5 52. f4 Ke6 53. Ke4 Bf2 54. Bf8 Kf7 55. Bb4 Bh4 56. g4 Bf6 57. g5 Bb2 58. f5 a5 59. Bc5 h6 60. g6+ Kf6 61. Bd4+ Bxd4 62. Kxd4 1-0